000 01774cam a2200469 a 4500
001 20899
003 VRT
005 20260206145629.0
008 240226s1985 xo r 010 f slo
015 _aSNBA1986/02
020 _q(viazané)
035 _aSNK000029850
039 9 _a202402261907
_bVLOAD
_c202305092112
_dAUTHORITY
_c202208241338
_dmsnk11
_c202207141008
_dmsnk116
040 _aSNK
_bslo
_cSNK
_dAUBB
_eAACR2
041 1 _aslo
_heng
044 _axo
_cSK
072 7 _a821.111(73)-3
_xAmerická próza, anglicky písaná
_2konspekt
080 _a821.111(73)-31
_22011
080 _a(0:82-31)
_22001
100 1 _aMailer, Norman,
_d1923-2007
_4aut
240 1 0 _aExecutioner's Song
_lSlovensky
245 1 0 _aKatova pieseň
_cNorman Mailer ; [z anglického originálu ... preložil a doslov napísal Ján Vilikovský]
250 _a1. vyd.
260 _aBratislava
_bTatran
_c1985
300 _a857 s.
_c21 cm
490 1 _aLUK - Knižnica modernej svetovej prózy
_vzv. 10
655 7 _aamerické romány
_2SNKPH
655 7 _aAmerican fiction
_2SNKPHeng
700 1 _aVilikovský, Ján,
_d1937-2023
_4trl
830 0 _aLUK - Knižnica modernej svetovej prózy
910 _asnk
942 _2ddc
_cKLDO
_n0
949 _62889089182
_asavukM 79754
949 _6369701000010471
_aaubbO 7596
_baubbO7596
_pDarca: Stračina, Svetozár
949 _6273K0074308
_asvkpoA 134958
_bsvkpo322888
949 _64710702312
_91
_astrmkB
_bstrmk2008/2312
949 _617A0184910
_9P60, <05>, [BOOK], {605}
_asnkSC 64951 D1
949 _6270001000390309
_asvkbbA 48629
_bsvkbbm 470352
949 _617A0916728
_asnkSC 64951
_bsnkKSP 10615/85
_s6100:20220830
949 _63869A10910
_abpksh821.111(73)-31
_bbpksh66617
949 _63869A10909
_abpksh821.111(73)-31
_bbpksh66618
999 _c20899
_d20899